| 000 | 00771cam a22002531 4500 | ||
|---|---|---|---|
| 001 | l 32000066 | ||
| 003 | DLC | ||
| 005 | 20260227111533.0 | ||
| 008 | 790814s1932 sz 000 0 eng | ||
| 010 | _al 32000066 | ||
| 035 | _a(OCoLC)5270917 | ||
| 040 |
_aDLC _cArU _dDLC |
||
| 042 | _apremarc | ||
| 050 | 0 | 0 |
_aHD4813 _b.I4 Ser. N, no. 18 |
| 110 | 2 | _aInternational Labour Office | |
| 245 | 1 | 0 |
_aStatistics of migration : _bdefinitions, methods, classifications. |
| 260 |
_aGeneva, _c1932. |
||
| 300 |
_aiv, 152 p. _c24 cm. |
||
| 490 | 0 |
_aStudies and reports, series N, Statistics, _vno. 18 |
|
| 500 | _aAt head of title: International Labour Office ... | ||
| 650 | 0 |
_aEmigration and immigration _vStatistics. |
|
| 650 | 0 | _aStatistics. | |
| 740 | 0 | _aMigration. | |
| 999 |
_c36058 _d36058 |
||